Estrategias para enseñar a aprender: un enfoque cognitivo para todas las áreas y niveles
Guardat en:
| Autors principals: | , , , |
|---|---|
| Format: | Llibre |
| Idioma: | espanyol |
| Publicat: |
Buenos Aires
Aique
2001
|
| Edició: | 3a. ed |
| Col·lecció: | Estrategias de Aula
|
| Matèries: | |
| Etiquetes: |
Afegir etiqueta
Sense etiquetes, Sigues el primer a etiquetar aquest registre!
|
MARC
| LEADER | 00000nam a2200000 a 4500 | ||
|---|---|---|---|
| 001 | UCL3104 | ||
| 003 | CL-VaPUC | ||
| 008 | 031114e20010000AG |||||||||||||||||spa|d | ||
| 020 | |a 9507013059 | ||
| 082 | 0 | 4 | |a 371.3 |b JON |2 21 |
| 100 | |a Jones, Beau Fly |e author |9 480314 | ||
| 700 | 0 | |a Palincsar, Annemarie Sullivan |e author |9 480315 | |
| 700 | 0 | |a Ogle, Donna |e author |9 480316 | |
| 700 | 0 | |a Carr, Eileen |e author |9 480317 | |
| 245 | 1 | 0 | |a Estrategias para enseñar a aprender: un enfoque cognitivo para todas las áreas y niveles |
| 250 | |a 3a. ed | ||
| 300 | |a 217 p | ||
| 942 | |c BK | ||
| 945 | |d 20031114 00:00:00 |a cmena | ||
| 260 | |a Buenos Aires |b Aique |c 2001 | ||
| 650 | 0 | |a Psicología del aprendizaje |9 306854 | |
| 650 | 0 | |a Aprendizaje |9 254827 | |
| 650 | 0 | |a Enseñanza |9 256457 | |
| 650 | 0 | |a Pensamiento |9 307612 | |
| 650 | 7 | |a CONOCIMIENTO |2 CL-VaPUC |9 308991 | |
| 650 | 0 | |a Lenguaje |9 265069 | |
| 650 | 7 | |a RENDIMIENTO |2 CL-VaPUC |9 260872 | |
| 650 | 7 | |a ESTRATEGIAS |2 CL-VaPUC |9 342878 | |
| 583 | |a last modification |c 20031114 00:00:00 |k Rodrigo Vera | ||
| 490 | 0 | |a Estrategias de Aula | |
| 999 | |c 306235 |d 306233 | ||
| 952 | |0 0 |1 0 |4 0 |6 371_300000000000000_JON_2001 |7 0 |8 A |9 371093 |a BIBMAT |b BIBMAT |c E_DIDACT |d 2019-11-21 |i 3963527 |o 371.3 JON 2001 |p 3963527 |r 2025-01-07 |w 2019-11-21 |y BK |k MAT | ||